Operating systems (Record no. 183039)

MARC details
000 -LEADER
fixed length control field 00389nam a2200169Ia 4500
005 - DATE AND TIME OF LATEST TRANSACTION
control field 20250317160321.0
008 - FIXED-LENGTH DATA ELEMENTS--GENERAL INFORMATION
fixed length control field 231217s9999 xx 000 0 und d
020 ## - INTERNATIONAL STANDARD BOOK NUMBER
International Standard Book Number 9788184314915
082 ## - DEWEY DECIMAL CLASSIFICATION NUMBER
Classification number 001.642 DHO;1
100 ## - MAIN ENTRY--PERSONAL NAME
Personal name Dhotre I A
245 #0 - TITLE STATEMENT
Title Operating systems
250 ## - EDITION STATEMENT
Edition statement 1st ed.
260 ## - PUBLICATION, DISTRIBUTION, ETC. (IMPRINT)
Date of publication, distribution, etc. 2008
Name of publisher, distributor, etc. Technical
Place of publication, distribution, etc. Pune
300 ## - PHYSICAL DESCRIPTION
Extent 7.47
650 ## - SUBJECT ADDED ENTRY--TOPICAL TERM
Topical term or geographic name as entry element Operating
942 ## - ADDED ENTRY ELEMENTS (KOHA)
Koha item type Books
Holdings
Date last seen Total Checkouts Full call number Accession number Old discount Price effective from Category Lost status Damaged status Department Withdrawn status bill date Permanent Location Current Location Shelving location Entry date Vendor Grants Currency symbol Conversion rate Discount Discount type
26/01/2024   001.642 DHO;1 54012   26/01/2024 Books     Information Science   25/09/2012 Central Library Central Library Information Science 24/04/2009 Publisher DONATED RS 1   Rupees

© For any Suggestions or Query, please contact the library staff @ librarian@pes.edu or Phone: +9180 2672 1983/ 2108.